| Tag |
First Indicator |
Second Indicator |
Subfields |
| LEADER |
00000cam a2200000 a 4500 |
| 001 |
in00000001451 |
| 005 |
20151007050436.0 |
| 008 |
980902s1998 dcua b f000 0 eng d |
| 035 |
|
|
|a (OCoLC)39790960
|
| 035 |
|
|
|9 AJB5346AM
|
| 040 |
|
|
|d GPO
|d DLC
|d MvI
|d UtOrBLW
|
| 043 |
|
|
|a n-us---
|
| 049 |
|
|
|a UDOC
|
| 074 |
|
|
|a 0461-D-05
|
| 086 |
0 |
|
|a ED 1.302:R 25/3
|
| 088 |
|
|
|a PLLI 98-8060
|
| 090 |
|
|
|a LC1045
|b .E48 1998
|
| 245 |
0 |
0 |
|a Educational reform and vocational education /
|c edited by Ann M. Milne.
|
| 246 |
1 |
|
|i At head of title:
|a National Assessment of Vocational Education
|
| 246 |
1 |
7 |
|a Impact of educational reform and vocational education
|
| 264 |
|
1 |
|a [Washington, D.C.] :
|b National Institute on Postsecondary Education, Libraries, and Lifelong Learning, Office of Educational Research and Improvement, U.S. Dept. of Education,
|c [1998]
|
| 300 |
|
|
|a xiv, 265, 10 pages :
|b illustrations ;
|c 28 cm.
|
| 336 |
|
|
|a text
|b txt
|2 rdacontent
|
| 337 |
|
|
|a unmediated
|b n
|2 rdamedia
|
| 338 |
|
|
|a volume
|b nc
|2 rdacarrier
|
| 500 |
|
|
|a Shipping list number: 98-0369-P.
|
| 500 |
|
|
|a "September 1998"--Title page verso.
|
| 504 |
|
|
|a Includes bibliographical references.
|
| 500 |
|
|
|a "PLLI 98-8060"--P. [4] of cover.
|
| 610 |
2 |
0 |
|a National Assessment of Vocational Education (U.S.)
|
| 650 |
|
0 |
|a Educational change
|z United States.
|
| 650 |
|
0 |
|a Vocational education
|z United States.
|
| 700 |
1 |
|
|a Milne, Ann M.
|
| 710 |
2 |
|
|a National Institute on Postsecondary Education, Libraries, and Lifelong Learning (U.S.)
|
| 999 |
|
|
|a MARS
|
| 999 |
f |
f |
|s 3918b4b4-0b53-36e2-8233-748bc4599ae1
|i 2409420d-cd5e-37b5-a0fd-d0231e2eacca
|t 0
|
| 952 |
f |
f |
|p normal
|a Texas A&M University
|b College Station
|c Sterling C. Evans Library
|d Evans: US Documents (Annex 5th floor)
|t 0
|e ED 1.302:R 25/3
|h Superintendent of Documents classification
|i unmediated -- volume
|m A14824393008
|
| 998 |
f |
f |
|a ED 1.302:R 25/3
|t 0
|l Evans: US Documents (Annex 5th floor)
|